| 000 | 00340nam a22001337a 4500 | ||
|---|---|---|---|
| 020 | _a0-582-44729-1 | ||
| 082 | _a620.1 MOR'I | ||
| 100 |
_aCORRLAUD, B _978661 |
||
| 245 | _aAN INTRODUCTION TO THE MECHANICS OF MECHANICS,SI UNITS | ||
| 260 |
_aLONDON _bLONGMAN _c1970 |
||
| 300 | _a461P | ||
| 650 |
_aMORRISON, J. L. M _978662 |
||
| 942 | _cBK | ||
| 999 |
_c583771 _d583771 |
||